[Event "Kashem Chowdhury Rating-A 2019"]
[Site "Dhaka"]
[Date "2019.05.06"]
[Round "1.1"]
[White "Md., Sharif Hossain"]
[Black "Rahman, Ziaur"]
[Result "0-1"]
[WhiteElo "2104"]
[BlackElo "2485"]
[Annotator "TA"]
[PlyCount "102"]
[EventDate "2019.05.04"]
[EventType "swiss"]
[EventCountry "BAN"]
[SourceTitle "playchess.com"]
[Source "ChessBase"]
[SourceQuality "1"]

{[%evp 9,102,-60,-60,-60,-60,-60,-60,-60,-60,-60,-53,-55,-60,-90,-91,-116,-80,-89,-89,-146,-144,-147,-144,-147,-139,-145,-147,-202,-200,-203,-203,-196,-197,-291,-290,-289,-224,-239,-215,-191,-173,-250,-202,-258,-205,-185,-205,-464,-449,-673,-675,-669,-630,-597,-594,-1052,-1008,-985,-409,-602,-599,-568,-562,-745,-696,-666,-391,-400,-390,-397,-396,-391,-383,-371,-401,-374,-373,-431,-357,-433,-431,-479,-468,-378,-409,-929,-891,-737,-724,-1660,-1501,-5402,-5402,-29995,-29996]} 1. e4 c5 2. Nf3 d6 3. c3 Nf6 4. Bc4 e6 5. O-O (5. Qe2 Be7 6. d4 cxd4 7. cxd4 d5 8. exd5 exd5 9. Bb5+ Nc6 10. Ne5 Bd7 11. Nxd7 Qxd7 12. O-O O-O 13. Be3 Rfe8 14. Nc3 a6 15. Bd3 {½-½ (25) Plat,V (2535)-Wojtaszek,R (2724) Katowice 2019}) 5... Nxe4 6. Bxe6 {B50: Sicilian: 2...d6, Miscellaneous} Bxe6 7. Qa4+ Nc6 8. Qxe4 {Black is slightly better.} d5 9. Qe2 d4 $146 ({Predecessor:} 9... Be7 10. d4 cxd4 11. Nxd4 Nxd4 12. cxd4 Bf6 {0-1 (69) Vallejo,H (2096)-Blandon,L (2191) Medellin 2015}) 10. d3 Be7 $36 {[%mdl 2048] Black has good play.} 11. Nbd2 O-O 12. c4 Re8 13. Ne4 Bf8 14. Qd2 {[#]} (14. Nfg5 $142) 14... Bxc4 $1 $17 {[%mdl 576] Deflection} 15. dxc4 Rxe4 16. Qd3 Re8 17. Ng5 {[%csl Gg5][%cal Rd3h7]} g6 18. Qf3 (18. b3 $17 {was called for.}) 18... f6 $19 19. Ne4 f5 20. Ng5 Qd7 21. Bf4 (21. Qb3 $142) 21... h6 22. Nh3 Re4 23. Qg3 Qf7 24. b3 Rae8 25. f3 (25. Bd2 $142) 25... R4e6 26. Rfe1 Bg7 {...d3 is the strong threat.} 27. Bd2 g5 {Strongly threatening ...f4.} 28. Kf1 $2 (28. Rxe6 Rxe6 29. f4) 28... f4 29. Qf2 (29. Bxf4 $142 gxf4 30. Qxf4) 29... d3 30. Qxc5 Bxa1 31. Rxa1 b6 32. Qb5 Nd4 33. Qd5 Re2 (33... Nc2 $142 34. Nf2 Nxa1) 34. Qxd4 (34. Rd1 $142 Qxd5 35. cxd5) 34... Rxd2 35. Nf2 {intending Ne4.} Qg7 36. Qd5+ Kh8 37. Rb1 Qe5 38. Ne4 {Hoping for Qxe5+.} Rxa2 39. Qxd3 {[#]} g4 $1 {aiming for ...gxf3.} 40. Nc3 {[#]} (40. fxg4 Qxe4) 40... Rb2 $1 {[%mdl 512] ( -> ...gxf3!)} 41. Ne4 {White hopes to continue with Rxb2.} (41. Rxb2 Qe1#) 41... Rxb1+ 42. Qxb1 {[%mdl 4096] Endgame KQR-KQN} Qd4 43. Qc2 Re5 44. b4 Rh5 45. fxg4 Re5 46. Nd2 Re3 47. Nf3 (47. c5 $142 Qxb4 48. cxb6 axb6 49. Nf3) 47... Qa1+ 48. Kf2 {[#]} Ra3 $1 {Threatens to win with ...Ra2!} 49. Qe2 Ra2 50. Nd2 Qd4+ {[%mdl 64] Double Attack} 51. Kf3 Ra3+ {Accuracy: White = 36%, Black = 84%.} 0-1

[Event "Kashem Chowdhury Rating-A 2019"]
[Site "Dhaka"]
[Date "2019.05.06"]
[Round "1.2"]
[White "Hossain, Enamul"]
[Black "Bhuiyan, Golam Mostafa"]
[Result "1-0"]
[WhiteElo "2442"]
[BlackElo "2101"]
[Annotator "TA"]
[PlyCount "71"]
[EventDate "2019.05.04"]
[EventType "swiss"]
[EventCountry "BAN"]
[SourceTitle "playchess.com"]
[Source "ChessBase"]
[SourceQuality "1"]

{[%evp 13,71,-11,17,-28,12,18,19,22,19,-6,7,7,61,61,49,52,163,163,155,139,160,163,330,325,341,321,329,168,166,163,182,179,216,195,226,212,305,303,272,211,360,364,339,356,369,360,348,256,465,292,578,539,579,618,966,752,1360,1353,1350,1343]} 1. e4 c5 2. Nf3 d6 3. c3 Nf6 4. Be2 g6 5. O-O Bg7 6. Re1 O-O 7. Bf1 e5 8. a3 {B50: Sicilian: 2...d6, Miscellaneous} (8. d3 Nc6 9. Nbd2 Rb8 10. a4 a6 11. Nc4 b5 12. Ne3 h6 13. axb5 axb5 14. h3 Be6 15. Nh2 Nh7 {0-1 (97) Psyk,R (2222)-Sadzikowski,D (2584) Katowice 2017}) 8... Bg4 $146 ({Predecessor:} 8... Nc6 9. b4 b6 10. b5 Na5 11. d3 h6 12. c4 Bg4 13. Nbd2 Nh5 14. h3 Be6 15. g3 Qd7 {0-1 (45) Lipiniks,L (2137)-Acevedo,V (2085) Asuncion 1999}) 9. h3 Bxf3 10. Qxf3 {The position is equal.} Nc6 11. b4 a6 12. d3 Nh5 ({Black should play} 12... Nd7 $11) 13. Be3 $14 Qe7 14. Nd2 f5 (14... Nf6 $14) 15. exf5 $18 Rxf5 16. Qd5+ {[%mdl 64] [#] Double Attack} Kh8 17. bxc5 Rd8 $2 (17... Nf4 18. Qb3 (18. Qxd6 Qf7 $15) (18. cxd6 Nxd5 19. dxe7 Nxe3 $16) 18... dxc5) 18. cxd6 Rxd6 19. Qa2 Nf4 20. Bxf4 (20. Bc5 $142 Ne6 21. Bxd6 Qxd6 22. Rab1) 20... Rxf4 21. Ne4 Rd8 22. a4 Rdf8 23. Rab1 Bh6 24. Rb2 R8f7 (24... Rc8 $142 25. g3 Rff8) 25. Reb1 Nd8 26. Qd5 {And now g3 would win.} Bf8 (26... Qe8 $142 27. g3 Rd7) 27. g3 R4f5 28. h4 Rg7 29. Bh3 Rff7 30. Rb4 {[%cal Bb2b4,Bb4b6,Bb6d6,Bd6d7][%mdl 32]} h6 $2 {[#]} (30... Qe8 {was called for.} 31. Rb6 Rc7) 31. Bg4 Kh7 $2 (31... Qe8 32. Rb6 Nc6) 32. Rb6 {White is clearly winning.} Kh8 33. h5 Kh7 34. Rd6 Nc6 35. hxg6+ Rxg6 36. Rd7 {[%mdl 64] Double Attack. Accuracy: White = 62%, Black = 17%.} 1-0

[Event "Kashem Chowdhury Rating-A 2019"]
[Site "Dhaka"]
[Date "2019.05.06"]
[Round "1.3"]
[White "Subrota, Biswas"]
[Black "Mohammad Fahad, Rahman"]
[Result "0-1"]
[WhiteElo "2086"]
[BlackElo "2322"]
[Annotator "RC"]
[PlyCount "116"]
[EventDate "2019.05.04"]
[EventType "swiss"]
[EventCountry "BAN"]
[SourceTitle "playchess.com"]
[Source "ChessBase"]
[SourceQuality "1"]
[TimeControl "5400+30"]

1. d4 {[%emt 0:00:00]} d5 {[%emt 0:03:44]} 2. c4 {[%emt 0:00:00]} dxc4 {[%emt 0:00:13]} 3. Nf3 {[%emt 0:01:52]} Nf6 {[%emt 0:02:00]} 4. e3 {[%emt 0:01:13]} e6 {[%emt 0:00:27]} 5. Bxc4 {[%emt 0:00:22]} c5 {[%emt 0:00:57]} 6. O-O {[%emt 0:01:44]} a6 {[%emt 0:02:07]} 7. Bb3 {[%emt 0:04:50]} Nc6 {[%emt 0:00:51]} 8. Nc3 {[%emt 0:02:34]} Be7 {[%emt 0:04:39]} 9. Ne5 {[%emt 0:25:31]} O-O {[%emt 0:06:06]} 10. Nxc6 {[%emt 0:01:30]} bxc6 {[%emt 0:00:08]} 11. dxc5 {[%emt 0:03:05]} Bxc5 {[%emt 0:01:09]} 12. Qxd8 {[%emt 0:12:05]} Rxd8 {[%emt 0:00:32]} 13. Rd1 {[%emt 0:01:33]} Bb7 {[%emt 0:04:25]} 14. Bd2 {[%emt 0:01:57]} Bb4 {[%emt 0:10:22]} 15. Be1 {[%emt 0:09:02]} c5 {[%emt 0:08:46]} 16. f3 {[%emt 0:04:13]} Bc6 {[%emt 0:05:40]} 17. e4 {[%emt 0:06:34]} Nd7 {[%emt 0:07:10]} 18. Bc4 {[%emt 0:01:05]} Rdc8 {[%emt 0:09:09]} 19. Be2 {[%emt 0:09:38]} Nb6 {[%emt 0:01:04]} 20. a3 {[%emt 0:02:09]} Bxc3 {[%emt 0:02:47]} 21. bxc3 {[%emt 0:00:47]} Bb5 {[%emt 0:02:10]} 22. Bxb5 axb5 {[%emt 0:00:01]} 23. Rdb1 {[%emt 0:03:10]} Nc4 {[%emt 0:00:19]} 24. Rxb5 {[%emt 0:00:13]} Nxa3 {[%emt 0:03:07]} 25. Rb2 {[%emt 0:01:18]} Nc4 {[%emt 0:02:06]} 26. Rxa8 {[%emt 0:00:03]} Rxa8 {[%emt 0:00:04]} 27. Rb5 {[%emt 0:00:23]} f6 {[%emt 0:00:13]} 28. Kf1 {[%emt 0:03:03]} Ne5 {[%emt 0:03:25]} 29. c4 {[%emt 0:03:30]} Ra1 {[%emt 0:01:50]} 30. Rb3 {[%emt 0:00:36]} Nxc4 {[%emt 0:00:48]} 31. Rc3 {[%emt 0:00:32]} Ne5 {[%emt 0:00:02]} 32. Ke2 {[%emt 0:00:33]} Kf7 {[%emt 0:05:06]} 33. Bd2 {[%emt 0:00:44]} Nd7 {[%emt 0:02:24]} 34. Be3 {[%emt 0:00:08]} Ra2+ {[%emt 0:00:11]} 35. Kf1 {[%emt 0:00:03]} Ra5 {[%emt 0:00:09]} 36. Rb3 {[%emt 0:01:03]} Ke7 {[%emt 0:00:13]} 37. Rb7 {[%emt 0:00:09]} Kd6 {[%emt 0:00:13]} 38. Bf4+ {[%emt 0:00:05]} e5 {[%emt 0:00:06]} 39. Be3 {[%emt 0:00:04]} Kc6 {[%emt 0:00:25]} 40. Rb2 {[%emt 0:00:09]} Ra3 {[%emt 0:02:20]} 41. Ke2 {[%emt 0:00:17]} Nb6 {[%emt 0:00:28]} 42. Bf2 {[%emt 0:00:40]} Ra4 {[%emt 0:02:55]} 43. h4 {[%emt 0:00:20]} Rb4 {[%emt 0:00:32]} 44. Rd2 {[%emt 0:01:21]} c4 {[%emt 0:01:00]} 45. Rd8 {[%emt 0:00:29]} Rb2+ {[%emt 0:00:16]} 46. Ke1 {[%emt 0:00:26]} c3 {[%emt 0:00:19]} 47. Be3 {[%emt 0:00:50]} Rb1+ {[%emt 0:02:22]} 48. Ke2 {[%emt 0:00:40]} c2 {[%emt 0:00:23]} 49. Bd2 {[%emt 0:01:21]} c1=Q {[%emt 0:01:16]} 50. Bxc1 {[%emt 0:00:03]} Rxc1 {[%emt 0:00:06]} 51. Rg8 {[%emt 0:00:16]} Rc2+ {[%emt 0:00:21]} 52. Kf1 {[%emt 0:00:07]} g6 {[%emt 0:01:24]} 53. Rf8 {[%emt 0:00:43]} Nc4 {[%emt 0:00:26]} 54. Rxf6+ {[%emt 0:00:08]} Kc5 {[%emt 0:00:07]} 55. g4 {[%emt 0:00:04]} Kd4 {[%emt 0:00:35]} 56. h5 {[%emt 0:00:20]} gxh5 {[%emt 0:00:29]} 57. gxh5 {[%emt 0:00:04]} Ke3 {[%emt 0:00:16]} 58. Kg1 {[%emt 0:01:49]} Nd2 {[%emt 0:00:30]} 0-1

[Event "Kashem Chowdhury Rating-A 2019"]
[Site "Dhaka"]
[Date "2019.05.06"]
[Round "1.4"]
[White "Mohammad Minhaz Uddin"]
[Black "Md. Jamal Uddin"]
[Result "1/2-1/2"]
[WhiteElo "2294"]
[BlackElo "2084"]
[Annotator "TA"]
[PlyCount "127"]
[EventDate "2019.05.04"]
[EventType "swiss"]
[EventCountry "BAN"]
[SourceTitle "playchess.com"]
[Source "ChessBase"]
[SourceQuality "1"]

{[%evp 18,127,30,30,25,27,29,29,29,28,34,0,35,35,43,39,48,-8,33,-14,36,0,53,55,54,55,61,52,55,64,76,81,64,63,81,66,54,56,71,36,50,12,12,12,10,10,12,18,16,20,20,18,24,26,126,10,17,10,29,30,29,30,59,59,490,465,381,343,2323,2304,2104,2053,1929,1516,1263,0,0,0,0,0,0,0,0,0,0,0,0,0,0,0,0,0,0,0,0,0,0,0,0,0,0,0,0,0,0,0,0,0,0,0,0,0]} 1. e4 c5 2. Nf3 e6 3. d4 cxd4 4. Nxd4 Nc6 5. Nc3 Qc7 6. Be2 a6 7. O-O Nf6 8. Be3 b5 9. Nxc6 dxc6 10. f4 Be7 {B49: Sicilian: Taimanov: 5 Nc3 Qc7 6 Be3 a6 7 Be2} (10... b4 11. Na4 c5 12. c3 Rb8 13. cxb4 Rxb4 14. Rc1 Nxe4 15. a3 Rb8 16. Bf3 Bb7 17. Bxe4 Bxe4 18. Bxc5 Rxb2 19. Nxb2 Bxc5+ {½-½ (50) Tan,Z (2530)-Dzagnidze,N (2519) Wenzhou 2018}) 11. e5 Nd5 12. Nxd5 cxd5 {White has an edge.} 13. Bd4 O-O 14. Rf3 $146 ({Predecessor:} 14. c3 Bd7 15. b4 Qc6 16. Bd3 g6 17. Qd2 Rfe8 18. g4 {1-0 (41) Livaja,M (2252)-Tashev,A (2026) Nis 2016}) 14... Bc5 15. Rc3 Bxd4+ 16. Qxd4 Qb7 17. Rd1 ({White should try} 17. Qc5 $14) 17... g6 18. Qc5 Rb8 (18... b4 {keeps more tension.} 19. Rh3 a5 20. a3 Bd7 21. Qf2 Qa7) 19. Qd6 Qb6+ (19... Qa7+ $11 20. Qc5 Qxc5+ 21. Rxc5 Bb7) 20. Qxb6 $14 Rxb6 21. b4 Rd8 22. Rc7 Bd7 23. Rd3 Rc6 24. Rxc6 Bxc6 $16 {[%mdl 4096] Endgame KRB-KRB} 25. Rc3 Be8 26. Rc7 Ra8 $1 27. a3 Kf8 28. Kf2 a5 $1 29. h4 h5 30. Ke3 axb4 31. axb4 Ra2 32. Bf3 Rb2 33. c3 Rc2 34. f5 gxf5 35. g3 f4+ (35... Rc1 $11 {keeps the balance.}) 36. gxf4 ({Only move:} 36. Kxf4 $16 d4 37. Bxh5) 36... Rh2 $11 37. Bxh5 Rxh4 38. Bf3 Rh3 39. Kf2 Rh6 40. f5 Rh4 $2 {[%mdl 8192]} ({Better is} 40... exf5 $14 41. Kg3 (41. Bxd5 Rh3 $14) 41... Rg6+ 42. Kf4 Rc6 43. Rxc6 Bxc6 44. Kxf5 Ke7) 41. f6 $18 Rf4 42. Rc8 Rc4 $2 (42... Rf5 43. Ra8 Rxe5) 43. Rxc4 bxc4 {KB-KB} 44. Ke3 Kg8 45. Kd4 Bd7 46. Bxd5 $2 (46. Kc5 $18 d4 47. Kxd4) 46... exd5 $11 {The position is equal.} 47. Kxd5 $18 {KB-KP} Be6+ 48. Kd6 Kf8 49. b5 {[#] Hoping for b6.} Ke8 $1 50. b6 Bc8 51. Kc7 Ba6 52. Kd6 Bb7 53. e6 fxe6 54. Kxe6 $11 {KB-K3P} Kf8 55. Kd6 {[#] Threatens to win with Kc7.} Kf7 56. Kc7 Be4 57. b7 Bxb7 $1 58. Kxb7 Kxf6 {KP-KP} 59. Kc6 {White threatens Kd5 and mate.} Ke6 60. Kc5 Kd7 61. Kd5 Kc7 62. Kd4 Kd6 63. Kxc4 {Intending Kb5 and mate.} Kc6 64. Kd4 {Accuracy: White = 59%, Black = 55%.} 1/2-1/2

[Event "Kashem Chowdhury Rating-A 2019"]
[Site "Dhaka"]
[Date "2019.05.06"]
[Round "1.5"]
[White "Ghosh, Chanchal Kumer"]
[Black "Islam, Kh. Aminul"]
[Result "0-1"]
[WhiteElo "2051"]
[BlackElo "2229"]
[Annotator "TA"]
[PlyCount "57"]
[EventDate "2019.05.04"]
[EventType "swiss"]
[EventCountry "BAN"]
[SourceTitle "playchess.com"]
[Source "ChessBase"]
[SourceQuality "1"]

{[%evp 19,57,0,0,0,3,-19,-16,-8,-16,-39,-21,-70,-77,-64,-68,-73,-73,-73,-74,-81,-70,-72,-84,-110,-97,-114,-114,-221,-181,-268,-274,-258,-161,-290,-282,-477,-464,-554,-544,-608]} 1. e4 e5 2. Nf3 Nc6 3. Bc4 Bc5 4. c3 Nf6 5. d4 exd4 6. cxd4 Bb4+ 7. Bd2 Bxd2+ 8. Nbxd2 d5 9. exd5 Nxd5 10. O-O O-O 11. Bb5 {C54: Giuoco Piano: 4 c3 Nf6, main lines with 5 d4 and 5 d3} (11. Rc1 Nb6 12. Bb3 a5 13. a3 a4 14. Ba2 Nxd4 15. Nxd4 Qxd4 16. Rxc7 Qxb2 17. Nc4 Nxc4 18. Bxc4 Qf6 19. Re1 {½-½ (30) Ma,Q (2637)-Wei,Y (2728) Beijing 2017}) 11... Nce7 12. Bd3 $146 ({Predecessor:} 12. Re1 c6 13. Bc4 Bf5 14. Qb3 Qc7 15. Ne4 Rad8 16. Rac1 h6 17. g3 Bc8 18. Qa3 a5 {½-½ (26) Sicker,R (2371)-Parushev,A (2364) Remote email 2013}) 12... Nf4 13. Be4 {The position is equal.} c6 14. Nc4 Bf5 (14... Be6 {seems wilder.} 15. b3 f6 16. Re1 Qc7 17. Qc2 g6) 15. Bxf5 Nxf5 16. Re1 Ne6 $36 {[%mdl 2048] Black is more active.} 17. Re4 Qd5 18. Re5 Qxc4 19. Rxf5 Rad8 20. b3 Qb4 21. Kh1 Qb6 22. Rh5 Nxd4 23. Qb1 (23. Re5 $17 {keeps fighting.}) 23... f5 24. Ng5 (24. Ng1 $142) 24... h6 $19 25. Nh3 Qc7 {[#] And now ...Qf7 would win.} 26. Qd3 (26. Ng1 $142) 26... Qf7 27. Rh4 $2 (27. Qc4) 27... Qf6 28. g3 {[#]} Nf3 $1 {[%mdl 576] Discovered Attack} 29. Qxf3 {Accuracy: White = 13%, Black = 74%.} 0-1

[Event "Kashem Chowdhury Rating-A 2019"]
[Site "Dhaka"]
[Date "2019.05.06"]
[Round "1.6"]
[White "Mehdi Hasan Parag"]
[Black "Chowdhury, Sohel"]
[Result "1-0"]
[WhiteElo "2227"]
[BlackElo "2044"]
[Annotator "TA"]
[PlyCount "55"]
[EventDate "2019.05.04"]
[EventType "swiss"]
[EventCountry "BAN"]
[SourceTitle "playchess.com"]
[Source "ChessBase"]
[SourceQuality "1"]

{[%evp 13,55,34,31,-21,44,34,42,29,43,-15,0,0,0,0,0,0,0,-3,0,0,20,5,5,17,18,16,59,17,76,60,66,31,37,0,0,9,0,0,309,307,481,474,807,791]} 1. e4 c6 2. d4 d5 3. e5 Bf5 4. Nf3 e6 5. Be2 c5 6. Be3 cxd4 7. Nxd4 Ne7 8. Bb5+ {B12: Caro-Kann: Advance Variation} (8. O-O $14) 8... Nbc6 (8... Nd7 $11) 9. O-O $14 a6 10. Bxc6+ $1 {White is slightly better.} (10. Nxf5 Nxf5 11. Bxc6+ bxc6 $15) 10... bxc6 (10... Nxc6 11. Nxf5 exf5 12. c3 Be7 13. Nd2 Qd7 14. Nf3 Qe6 15. Qb3 O-O 16. Bb6 Bd8 {½-½ (40) Navara,D (2739)-Radjabov,T (2756) Shamkir 2019}) 11. Bg5 (11. c4 $14) 11... Qc7 12. Bxe7 Bxe7 13. Nxf5 exf5 14. Re1 O-O 15. Nd2 $146 ({Predecessor:} 15. Qd3 f6 16. e6 Bd6 {1-0 (29) Warakomska,A (2238)-Czerwonski,A (2386) Bialystok 2017}) 15... Rfe8 16. Nf3 Bf8 17. c4 dxc4 18. Qc2 g6 19. Qxc4 Bg7 {[%cal Rg7e5]} 20. Re2 h6 (20... Re6 $11 {remains equal.}) 21. Rae1 Re6 22. h3 a5 23. Nd4 Rxe5 24. Rxe5 Bxe5 25. Nxc6 Re8 $2 {[%mdl 8192]} (25... Bd6 $11) 26. Kf1 $18 ({Stronger than} 26. Rxe5 Rxe5 27. Nxe5 Qxe5 $11) 26... Qd6 (26... Rc8 $142) 27. f4 ({Worse is} 27. Nxe5 Rxe5 28. Qc8+ Kh7 $11) 27... Rc8 {[#]} (27... Re6 $142 28. Nxe5 Re7) 28. Ne7+ $1 {[%mdl 576] Double Attack. Accuracy: White = 58%, Black = 30%.} 1-0

[Event "Kashem Chowdhury Rating-A 2019"]
[Site "Dhaka"]
[Date "2019.05.06"]
[Round "1.7"]
[White "Md.abu, Hanif"]
[Black "Rahman, Syed Mahfuzur"]
[Result "1-0"]
[WhiteElo "2042"]
[BlackElo "2217"]
[Annotator "TA"]
[PlyCount "105"]
[EventDate "2019.05.04"]
[EventType "swiss"]
[EventCountry "BAN"]
[SourceTitle "playchess.com"]
[Source "ChessBase"]
[SourceQuality "1"]

{[%evp 9,105,3,21,25,25,38,33,-25,-10,-18,-18,-39,-35,-35,27,-45,-3,-10,-10,-13,0,0,0,-7,64,78,76,45,57,49,50,46,104,79,113,82,125,131,128,133,129,120,151,135,128,141,150,88,122,125,118,119,144,140,207,171,170,127,150,143,179,180,260,248,239,254,322,327,313,328,325,218,389,389,403,491,464,401,381,393,383,384,608,470,449,412,411,399,936,801,29967,29948,29981,29982,29988,29989,29989,29987]} 1. d4 d5 2. Bf4 c5 3. c3 Nc6 4. e3 Nf6 5. Nd2 Qb6 6. Qb3 {D00: 1 d4 d5: Unusual lines} c4 (6... Nh5 7. Qxb6 axb6 8. Bc7 cxd4 9. exd4 e5 10. Bxe5 Nxe5 11. dxe5 Bc5 12. g3 O-O {1-0 (76) Aronian,L (2765)-Caruana,F (2832) London 2018}) 7. Qc2 g6 8. Ngf3 (8. e4 $14) 8... Bf5 $11 9. Qc1 Nh5 10. Bg5 h6 11. Bh4 Bg7 $146 (11... g5 $15 12. Bg3 e6) ({Predecessor:} 11... g5 12. Bg3 Nxg3 13. hxg3 {1-0 (37) Dishman,S (2313)-Percivaldi,M (2433) Helsingor 2017}) 12. e4 (12. h3 $11) 12... Bxe4 13. Nxe4 dxe4 14. Nd2 {[%mdl 64] Double Attack} O-O 15. Nxc4 Qc7 $1 16. g4 $36 {[%mdl 2048] White has some pressure.} Qf4 ({Black should try} 16... Nf4 $11) 17. Qxf4 $14 Nxf4 18. Ne3 Rad8 19. O-O-O Rd7 20. Bg3 g5 (20... e5 $1 $14) 21. Bc4 a6 22. Rhe1 Na5 23. Bf1 $1 e6 24. Bxf4 $1 gxf4 25. Ng2 f3 26. Nf4 Rc8 {Black wants to play ...Rxd4.} 27. Rxe4 Nc6 28. d5 (28. Nh5 $142) 28... exd5 29. Rxd5 Rxd5 30. Nxd5 Kf8 31. Ne3 b5 (31... Bf6 $16 32. Nf5 Ne7) 32. Nf5 Bf6 33. a3 Rd8 {[#]} 34. Kc2 $1 Bg5 {[#] Hoping for ...Rd2+.} 35. Bd3 $1 h5 (35... Bf6 {keeps fighting.} 36. h3 (36. Nxh6 Ne5 $16) 36... Ne5) 36. h4 $18 Bf6 37. g5 Bh8 38. Ng3 Ne5 39. Re3 f6 40. g6 Nxd3 $2 (40... Bg7) 41. Rxd3 Rxd3 42. Kxd3 {[%mdl 4096] Endgame KB-KN} Kg7 43. Nxh5+ Kxg6 44. Ng3 f5 45. Ke3 a5 (45... Bf6 $142 46. h5+ (46. Kxf3 Bxh4 47. Ke3 Bg5+ 48. Kd3 Bc1 $16) 46... Kg5) 46. Kxf3 Bf6 47. h5+ Kg5 {[#]} 48. h6 $1 b4 $2 (48... Be5 49. h7 Kg6) (48... Kxh6 49. Nxf5+) 49. cxb4 a4 50. b5 {White mates.} Bxb2 51. b6 f4 52. b7 Be5 53. h7 {Accuracy: White = 76%, Black = 28%.} 1-0

[Event "Kashem Chowdhury Rating-A 2019"]
[Site "Dhaka"]
[Date "2019.05.06"]
[Round "1.8"]
[White "Sumit, Kumar"]
[Black "Abdul, Momin"]
[Result "0-1"]
[WhiteElo "2201"]
[BlackElo "2037"]
[Annotator "TA"]
[PlyCount "102"]
[EventDate "2019.05.04"]
[EventType "swiss"]
[EventCountry "BAN"]
[SourceTitle "playchess.com"]
[Source "ChessBase"]
[SourceQuality "1"]

{[%evp 24,102,55,54,68,66,87,69,107,84,112,67,84,76,84,68,58,64,72,49,45,15,43,0,0,0,0,-70,-56,-104,-109,-125,-112,-141,-135,-255,-264,-256,-241,-414,-205,-208,-205,-477,-460,-445,0,0,0,0,0,0,61,-341,-344,-333,-346,-333,-322,-759,-766,-739,-593,-593,-580,-582,-572,-668,-659,-743,-738,-959,-959,-913,-882,-1991,-1818,-1575,-1467,-1670,-1597]} 1. e4 c5 2. Nf3 d6 3. d4 cxd4 4. Nxd4 Nf6 5. f3 e6 6. c4 Be7 7. Nc3 a6 8. Be3 Nbd7 9. Be2 Qc7 10. O-O O-O 11. Rc1 b6 12. Qe1 Bb7 13. Qf2 Rab8 {A31: Symmetrical English: 2 Nf3 Nf6 3 d4} (13... Rac8 14. Rfd1 Qb8 15. b4 Bd8 16. Nb3 Bc7 17. Kh1 Rfe8 18. a4 Qa8 19. a5 bxa5 20. Nxa5 Bxa5 21. bxa5 {1-0 (33) Yoo,C (2388)-Bykhovsky,A (2496) chess.com INT 2019}) 14. b4 Rfe8 15. Rfd1 Bf8 {White is slightly better.} 16. Nb3 Ba8 17. Bf1 $146 ({Predecessor:} 17. c5 dxc5 18. Bxa6 Qa7 19. Bf1 cxb4 20. Nb5 Qa4 21. Nc7 {0-1 (39) Beukema,S (2305)-Losekoot,P (2114) Dieren 2014}) 17... Ne5 18. Na4 {[%cal Re3b6]} Nfd7 19. Bf4 Qc6 20. Nc3 {[%cal Ba4c3,Bc3b1,Bb1a3,Ba3b5][%mdl 32]} Qb7 21. Qg3 Rbc8 22. Nb1 a5 23. Na3 axb4 24. Nb5 Qb8 25. h4 (25. Bd2 $11) 25... Nf6 $1 $15 26. Bg5 {aiming for Bxf6.} Nh5 27. Qf2 f5 $1 28. exf5 exf5 29. Be3 (29. Bd2 $17 {was called for.}) 29... Re6 $1 $19 30. N3d4 Rg6 31. Bd3 $2 (31. Bd2 {was worth a try.} d5 32. cxd5 Rxc1 33. Rxc1) 31... f4 (31... Nxd3 $142 32. Rxd3 d5 33. Nxf5 dxc4) 32. Bxg6 fxe3 33. Bxh7+ $2 (33. Qxe3 {was forced.} hxg6 34. Ne6) 33... Kxh7 34. Qxe3 {[#]} g6 $2 ({Black should try} 34... Re8 $1 $19 35. Qf2 g6) 35. Ne6 $11 Be7 36. Ng5+ Kg8 37. f4 $1 {[%cal Rf4e5]} Qb7 (37... Bxg5 $11 38. hxg5 Nf7) 38. Rd5 $2 {[%mdl 8192]} (38. Rc2 $14 {was forced to keep a grip.} Nxf4 39. Qxf4 Rxc4 40. Qf2) 38... Rxc4 $19 39. Rxc4 {Threatens to win with Rcd4.} Qxd5 {[%csl Ga8][%cal Rd5g2]} 40. Rc8+ {[#]} Kg7 $1 {[%csl Ga8][%cal Rd5g2]} 41. Qe2 $2 (41. Nf3 Qd1+ 42. Ne1 Nxf4 43. Rxa8 Nxg2 {[%mdl 64] Decoy} 44. Kxg2 Qd5+ {[%mdl 64] Double Attack} 45. Nf3 Qxa8 46. Qe2) 41... Nxf4 {[%mdl 64] Double Attack. Black is clearly winning.} 42. Qc2 Qxb5 43. Rxa8 Qc5+ 44. Qxc5 bxc5 45. Ra7 Kf6 46. Nh7+ Ke6 47. Kf2 Bxh4+ 48. g3 Nfd3+ 49. Kg2 Be7 50. Kf1 Nc6 51. Rb7 c4 {Accuracy: White = 28%, Black = 61%.} 0-1

[Event "Kashem Chowdhury Rating-A 2019"]
[Site "Dhaka"]
[Date "2019.05.06"]
[Round "1.9"]
[White "Ahmed, Mahtabuddin"]
[Black "Ahmed, Sk. Nasir"]
[Result "1/2-1/2"]
[WhiteElo "2036"]
[BlackElo "2170"]
[Annotator "TA"]
[PlyCount "50"]
[EventDate "2019.05.04"]
[EventType "swiss"]
[EventCountry "BAN"]
[SourceTitle "playchess.com"]
[Source "ChessBase"]
[SourceQuality "1"]

{[%evp 22,50,22,-31,25,8,23,20,27,35,61,0,18,11,66,17,50,12,11,28,9,34,41,55,64,26,134,132,121,133,142]} 1. c4 e5 2. Nc3 Nf6 3. Nf3 Nc6 4. g3 d5 5. cxd5 Nxd5 6. Bg2 Nb6 7. d3 Be7 8. O-O O-O 9. Be3 Be6 10. Ne4 Bd5 $146 ({Predecessor:} 10... Nd5 11. Bc5 b6 12. Bxe7 Ndxe7 13. Qa4 Bd7 14. Qc4 Be6 15. Qa4 Bd7 16. Qc4 Be6 17. Qa4 {½-½ (17) Papin,V (2497)-Neiksans,A (2603) Melbourne 2015}) 11. Nc3 Be6 12. Ne4 (12. d4 $11) 12... Kh8 {A29: English Opening: Four Knights Variation with 4 g3} ({Better is} 12... f5 $15 13. Nc5 Bd5) 13. Nc5 $11 Bc8 14. Rc1 Nd5 {The position is equal.} 15. Bd2 Rb8 16. b3 ({White should try} 16. a3 $14) 16... f5 17. Re1 Qd6 (17... f4 $11) 18. Qc2 (18. e4 $5 {[%cal Re4d5]} Ndb4 19. Bxb4 Nxb4 20. Qd2 $14) 18... Bf6 19. e4 (19. Na6 $5 {[%cal Ra6b8]} Ra8 20. Ng5 $14) 19... Ndb4 20. Bxb4 Nxb4 21. Qd2 $36 {[%mdl 2048] White has some pressure.} Nc6 22. exf5 Bxf5 23. Ng5 h6 (23... Nd4 $11) 24. Nge4 $16 Bxe4 25. Nxe4 ({Weaker is} 25. Rxe4 Bg5 $17) 25... Qb4 1/2-1/2